Cycling - All pro wins by Primož Roglič (as of Sep 2025) - Statistics

General Stats
  • This quiz has been taken 38 times
  • The average score is 13 of 24
Answer Stats
Hint Answer % Correct
4 stage wins + 1 overall Giro d'Italia
100%
15 stage wins + 4 overall La Vuelta Ciclista a España
100%
1 win National Championships Slovenia - ITT
97%
1 win National Championships Slovenia ME - Road Race
97%
1 win (monument) Liège-Bastogne-Liège
85%
4 stage wins + 1 overall Paris - Nice
85%
3 stage wins + 2 overall Critérium du Dauphiné
82%
4 stage wins + 2 overall Tirreno-Adriatico
79%
4 stage wins + 2 overall Tour de Romandie
74%
4 stage wins + 2 overall Volta Ciclista a Catalunya
74%
6 stage wins + 2 overall Itzulia Basque Country
62%
3 wins (classic) Giro dell'Emilia
59%
1 stage win + 1 overall UAE Tour
50%
3 stage wins Tour de France
44%
2 stage wins + 1 overall Vuelta a Burgos
35%
1 win (classic) Milano - Torino
32%
1 overall Volta ao Algarve em Bicicleta
32%
3 stage wins + 2 overall Tour of Slovenia
29%
1 win Olympic Games - ITT
21%
2 stage wins + 1 overall Tour de l'Ain
21%
1 win (classic) Tre Valli Varesine
21%
2 stage wins + 1 overall Tour d'Azerbaïdjan
15%
1 stage win (prologue) ZLM Tour
6%
1 stage win Tour of Qinghai Lake
3%
No matching quizzes found
Score Distribution
Percent of People with Each Score
Percentile by Number Answered
Your Score History
You have not taken this quiz